000 00682nam a2200253Ia 4500
003 OSt
005 20220918185057.0
006 a|||||r|||| 00| 0
007 ta
008 220917b |||||||| |||| 00| 0 eng d
024 _a49,491
037 _cTextual
040 _aARTS
_cARTS
_beng
041 _2eng
_aeng
082 _aP:4:(R), N6-;1
100 _aCresswell M J
_921116
245 0 _aSemantic indexicality
260 _aLondon
_bKluwer Academic Pub
_c1996
300 _aix,215p.
_ccm.
490 _aStudies in linguistics and philosophy; 60
650 _aLINGUISTICS
942 _hP:4:(R), N6-;1
_cTEXL
_2CC
999 _c179113
_d179113